01131nam a2200301 i 4500003000900000005001700009007000300026008004100029040003000070082001400100100003200114245012100146264003600267300002700303336002700330337003400357338002800391500003900419504003000458590002700488700004300515700004700558710005400605910001400659942001400673952012500687999001700812DO-SdBNP20240305073656.0ta110413s1992 dr d 000 0 spa d aDO-SdBNPbspacBNPHUerda bB862D222 aBrito Torres, Israel91314110aDaniel : brelevancia profética y política /cIsrael Brito T., J. Adarberto Martínez ; prólogo Pedro Savage  1aSanto Domingo :bEDUNEV,c1992. a164 páginas c21 cm. 2rdacontentatextobtxt 2rdamediaasin mediación bn 2rdacarrieravolumenbnc aIncluye notas a pie de páginas.  aBibliografía p: 159-162 aInventariado, 2023/ YL1 aMartínez, J. Adarbertoeautor9387431 aSilié, Rubén,d1946-eprólogo 91421 aUniversidad Nacional Evangélica (EDUNEV)984282 aYLockward 2ddccLBS1 00102ddc51708PDaBNPHUbBNPHUcCTd2022-05-19eUbi Rivasl0oBNPHU PD B862Dp2023-6468r2023-09-27w2023-09-27yLBS1 c54967d54967